MARC details
| 000 -CABECERA |
| campo de control de longitud fija |
03405nam a2200349 a 4500 |
| 003 - IDENTIFICADOR DEL NÚMERO DE CONTROL |
| campo de control |
MX-MxUPN |
| 005 - FECHA Y HORA DE LA ÚLTIMA TRANSACCIÓN |
| campo de control |
20230216125650.0 |
| 008 - ELEMENTOS DE LONGITUD FIJA--INFORMACIÓN GENERAL |
| campo de control de longitud fija |
200210t2017 mx rb 100 0 spa d |
| 020 ## - NÚMERO INTERNACIONAL NORMALIZADO PARA LIBROS |
| Número Internacional Estándar del Libro |
9786070296673 |
| 035 ## - NÚMERO DE CONTROL DEL SISTEMA |
| Número de control de sistema |
UPN01000235398 |
| 040 ## - FUENTE DE LA CATALOGACIÓN |
| Centro catalogador/agencia de origen |
MX-MxUPN |
| Lengua de catalogación |
spa |
| Centro/agencia transcriptor |
MX-MxUPN |
| 041 0# - CÓDIGO DE IDIOMA |
| Código de lengua del texto/banda sonora o título independiente |
spa |
| 050 14 - SIGNATURA TOPOGRÁFICA DE LA BIBLIOTECA DEL CONGRESO |
| Número de clasificación |
HQ1075.5 A44 |
| Número de documento/Ítem |
C66 2015 |
| 245 00 - MENCIÓN DE TÍTULO |
| Título |
Condiciones de la globalización, políticas neoliberales y dinámicas de género : |
| Resto del título |
aproximaciones desde el Sur |
| 250 ## - MENCIÓN DE EDICIÓN |
| Mención de edición |
Primera edición. |
| 260 ## - PUBLICACIÓN, DISTRIBUCIÓN, ETC. |
| Lugar de publicación, distribución, etc. |
Ciudad de México : |
| Nombre del editor, distribuidor, etc. |
Universidad Nacional Autónoma de México, Centro de Investigaciones y Estudios de Género, |
| Fecha de publicación, distribución, etc. |
©2017. |
| 300 ## - DESCRIPCIÓN FÍSICA |
| Extensión |
282 páginas |
| 504 ## - NOTA DE BIBLIOGRAFÍA, ETC. |
| Nota de bibliografía, etc. |
Incluye referencias bibliográficas. |
| 505 0# - NOTA DE CONTENIDO CON FORMATO PREESTABLECIDO |
| Título |
El sujeto víctima y el papel de las políticas carcelarias en el contexto de los dispositivos de rescate a víctimas de trata / |
| Mención de responsabilidad |
Jessica Gutiérrez Gómez -- |
| Título |
El comercio sexual de mujeres y las paradojas del neoliberalismo: análisis preliminar de las experiencias subjetivas de las mujeres que se dedican al comercio sexual en el barrio de La Merced en la Ciudad de México -- |
| -- |
El feminicidio y la estética del horror / |
| Mención de responsabilidad |
Mariana Berlanga Gayón -- |
| Título |
Una mirada interseccional a la resignificación de género entre jóvenes oaxaqueños migrantes / |
| Mención de responsabilidad |
Susana Vargas Evaristo -- |
| Título |
El trabajo doméstico en los Estados Unidos: avances y obstáculos para la autonomía de mujeres migrantes de retorno en San Francisco Tetlanohcan, Tlaxcala / |
| Mención de responsabilidad |
Alethia Fernández de la Reguera Ahedo -- |
| Título |
Trayectorias de participación en el SNI de las y los investigadores de la península de Yucatán: una lectura con perspectiva de género / |
| Mención de responsabilidad |
Ivett Liliana Estrada Mota -- |
| Título |
Un impacto del individualismo neoliberal en la vida laboral de las mujeres: el affidamento como una propuesta feminista para abordarlo / |
| Mención de responsabilidad |
Marta Clara Ferreyra Beltrán -- |
| Título |
Desafiar la exclusión: cuidado, precariedad y estrategias de sobrevivencia de cuidadoras en Tlaxcala / |
| Mención de responsabilidad |
Mónica Patricia Toledo González y Montserrat Olversa Grande -- |
| Título |
El aula y otros espacios formativos / |
| Mención de responsabilidad |
César Ricardo Azamar Cruz -- |
| Título |
Con-formación de comunidad e identidades genéricas y descoloniales / |
| Mención de responsabilidad |
Alma Patricia Piñones Vázquez -- |
| Título |
Visibilidad de la producción académica de feministas mexicanas a través de una base de datos / |
| Mención de responsabilidad |
Joel Estudillo García y José Edgar Nieto Arizmendi -- |
| Título |
Ángeles, vagas y maleantes: (neo)liberalismo y representaciones corporales en el tardofranquismo / |
| Mención de responsabilidad |
Maite Garbayo Maeztu -- |
| Título |
¿Qué nos queda?: arte efímero en espacios públicos como resistencia cuir-feminista / |
| Mención de responsabilidad |
Cynthia Citlallin Delgado Huitrón -- |
| Título |
Reflexiones sobre el desarrollo conceptual de la categoría transexual en México / |
| Mención de responsabilidad |
Gerardo Mejía Núñez. |
| 650 #4 - ASIENTO SECUNDARIO DE MATERIA - TERMINO TEMATICO |
| Término de materia o nombre geográfico como elemento de entrada |
Rol sexual |
| Subdivisión geográfica |
América Latina |
| Subdivisión de forma |
Congresos |
| 9 (RLIN) |
47832 |
| 650 #4 - ASIENTO SECUNDARIO DE MATERIA - TERMINO TEMATICO |
| Término de materia o nombre geográfico como elemento de entrada |
Rol sexual |
| Subdivisión geográfica |
México |
| Subdivisión de forma |
Congresos |
| 9 (RLIN) |
47833 |
| 650 #4 - ASIENTO SECUNDARIO DE MATERIA - TERMINO TEMATICO |
| Término de materia o nombre geográfico como elemento de entrada |
Feminismo |
| Subdivisión geográfica |
América Latina |
| Subdivisión de forma |
Congresos |
| 9 (RLIN) |
47834 |
| 650 #4 - ASIENTO SECUNDARIO DE MATERIA - TERMINO TEMATICO |
| Término de materia o nombre geográfico como elemento de entrada |
Feminismo |
| Subdivisión geográfica |
México |
| Subdivisión de forma |
Congresos |
| 9 (RLIN) |
47835 |
| 650 #4 - ASIENTO SECUNDARIO DE MATERIA - TERMINO TEMATICO |
| Término de materia o nombre geográfico como elemento de entrada |
Mujeres |
| Subdivisión geográfica |
América Latina |
| Subdivisión general |
Condiciones sociales |
| Subdivisión de forma |
Congresos |
| 9 (RLIN) |
47836 |
| 650 #4 - ASIENTO SECUNDARIO DE MATERIA - TERMINO TEMATICO |
| Término de materia o nombre geográfico como elemento de entrada |
Mujeres |
| Subdivisión geográfica |
México |
| Subdivisión general |
Condiciones sociales |
| Subdivisión de forma |
Congresos |
| 9 (RLIN) |
47837 |
| 700 1# - ASIENTO SECUNDARIO--NOMBRE DE PERSONAL |
| Nombre de persona |
López González de Orduña, Helena |
| 9 (RLIN) |
47830 |
| Término indicativo de función/relación |
coordinadora |
| 700 1# - ASIENTO SECUNDARIO--NOMBRE DE PERSONAL |
| Nombre de persona |
Arreola, Adriana |
| 9 (RLIN) |
47831 |
| Término indicativo de función/relación |
coordinadora |
| 711 2# - ASIENTO SECUNDARIO - NOMBRE DE REUNIÓN |
| Nombre de congreso/reunión o jurisdicción como elemento de entrada |
Coloquio Internacional de Estudios de Género |
| Fecha del congreso/reunión |
(2015 : |
| Sede del congreso/Lugar de la reunión |
Ciudad de México) |
| 902 ## - ELEMENTOS DE DATOS B LOCAL, LDB (RLIN) |
| Creó |
Víctor Ruiz/160223 |
| 942 ## - ELEMENTOS DE PUNTO DE ACCESO ADICIONAL (KOHA) |
| Fuente del sistema de clasificación o colocación |
Library of Congress Classification |
| Tipo de ítem Koha |
Libro |